Normal view
MARC view
- D'Azzo, John Joachim
Entry Personal Name
001 - CONTROL NUMBER
- control field: 110983
003 - CONTROL NUMBER IDENTIFIER
- control field: NUST
005 - DATE AND TIME OF LATEST TRANSACTION
- control field: 20230321160640.0
008 - FIXED-LENGTH DATA ELEMENTS
- fixed length control field: 230321|| aca||aabn | a|a d
040 ## - CATALOGING SOURCE
- Original cataloging agency: NUST
- Transcribing agency: NUST
100 ## - HEADING--PERSONAL NAME
- Personal name: D'Azzo, John Joachim
670 ## - SOURCE DATA FOUND
- Source citation: Work cat.: (NUST)0: D'Azzo, John Joachim., Linear control system analysis and design: conventional and modern, [1975]
